| 000 | 01043cam a22003377a 4500 | ||
|---|---|---|---|
| 003 | CHAP | ||
| 005 | 20220817043846.0 | ||
| 008 | 020911d1990 es a r 00110 spa d | ||
| 010 | _a86297 | ||
| 011 | _a87269 | ||
| 020 | _a8432922137 | ||
| 035 | _a97812 | ||
| 040 | _cCHAP | ||
| 082 | 0 | 4 |
_a634 _bS23 |
| 100 | 0 | 0 |
_aSchmid, Heiner. _9103042 |
| 245 | 1 | 0 |
_aCultivo de frutales _c/por Heiner Schmid |
| 260 |
_aBarcelona , Esp.; _bCEAC., _c1990. |
||
| 300 |
_a237 p. ; _bilus. |
||
| 490 | 0 | _aGuías de agricultura y ganadería | |
| 500 | _aTrad. de ; Hanogriffeim im obstgarten | ||
| 590 |
_aBATCH-UPD _b10 _c20130110 _lUCH01 _h2011 |
||
| 590 |
_aBATCH-UPD _b10 _c20130410 _lUCH01 _h1330 |
||
| 590 |
_aBATCH-UPD _b10 _c20130914 _lUCH01 _h1557 |
||
| 590 |
_aCONVERSION _b10 _c20130109 _lUCH01 _h1348 |
||
| 650 | 1 | 4 | _aArboles frutales. |
| 830 | 0 |
_aGuías de agricultura y ganadería _951503 |
|
| 901 | _aBK | ||
| 905 | _aMayto Villalobos S. | ||
| 942 | _cLIBRO | ||
| 949 |
_a634 S23 _bBC _cLIBRO _d33724000876124 _eLIBRO _h102979 _i97812 _si _t$ 190.00 |
||
| 999 |
_c86297 _d86297 |
||